Elizabeth Olsen - Statistiques

Statistiques générales
  • Ce quiz a été pris 50 fois
  • Le résultat moyen est 10 sur 15
Statistiques - réponses
questions réponses % Correct
Quel est son surnom ? Lizzie
88%
De quelle couleur son ses yeux ? Vert
88%
Quel est son personnage le plus connu ? Wanda Maximoff
84%
Qui son ses sœurs connues ? Mary-Kate et Ashley
78%
Quand est-elle née ? 16 février 1989
75%
Quel est son deuxième prénom ? Chase
75%
Quel est son signe astrologique ? Verseau
66%
De quoi souffre-t-elle ? Anxiété
63%
Avec qui est-elle mariée ? Robbie Arnett
63%
Quel est le nom du livre quelle a écrit avec son mari ? Hattie Harmony
56%
Quel est le nom de la série Facebook où elle tient le rôle principal ? Sorry for your loss
53%
Où est-elle née ? Los Angeles
50%
Dans quel pub peut-on la voir ? H&M
47%
Quel est le premier film dans lequel elle apparait ? Deux jumelles dans l'ouest
44%
Quel est le nom de son personnage dans le film En Secret ? Thérèse Raquin
44%
Aucun quiz correspondant
Distribution des résultats
% des personnes avec chaque résultat
Percentile par nombre de réponses
Votre historique - résultats
Vous n’avez pas pris ce quiz